zpět

Detail výsledku týmu

SportBar na hřišti, Hostivice

Datum a čas kvízu

28 Celkem bodů Celkový počet nahraných bodů na tomto kvízu bez doplňovacích otázek.
1. Pořadí na kvízu Konečné umístění týmu na tomto kvízu.

Zaznamenané odpovědi

# Otázka Odpověď Body Výsledky
1. KSČM ve čtvrtek ukončila člens... Jiří Dolejš 1
2. V úterý se v metropoli jedné b... v Rijádu 0
3. Minulý týden jsme se dozvěděli... Post Malone 1
4. Vedení sítě provozoven rychléh... Kentucky 1
5. V české fotbalové reprezentaci... Buffon 1
6. Nyní se od aktualit přesuneme... 1D 2C 3B 4A 0
7. Uveďte odborný název pro skupi... ichtyosauři 0
8. Přibližně takto mohl vypadat j... o velociraptora 1
9. Americký spisovatel a scenáris... Michael Crichton 0
10. Na fotce vidíme rekonstrukci l... Lucy 0